000 00902cam a2200241 a 4500
001 000018720
005 20200929165840.0
008 770511s1978 ja 000 m eng d
040 _aDO-SdBNP
_beng
_cLC
_dBNPHU
082 _a895.6
_bC761j
245 0 0 _aContemporary japanese literature :
_ban anthology of fiction, film, and other writing since 1945 /
_cedición Howard Hibbett.
260 _aTokyo :
_bCharles E. Tuttle Company,
_c1978.
300 _axiv, 468 p. :
_bil. ;
_c19 cm.
490 1 _aTut Books
650 4 _aLiteratura japonesa
_ySIGLO XX
_xTraducciones al ingles
_940406
650 4 _aAutores japoneses
_940407
651 4 _aJapón
_xCivilización
_ySIGLO XX
_xColecciones Literarias
_940408
650 4 _aLiteratura japonesa
_xHistoria y crítica
_93276
700 1 _aHibbett, Howard,
_eed.
_940409
830 0 _aTut Books
_940410
910 _aCatalogación derivada / LC
049 _aBNGR
999 _c18240
_d18240